00756cam a2200241 a 4500999001500000001000400015003000900019005001700028008004100045020001500086020001500101040002800116082002000144100001700164245005400181260004400235300002400279490003400303650001700337651003000354942001200384952011800396 c3848d3848341BD-DhUAP20200312153618.0200312s1998 ii 000 0 eng  a812191583X a8121915511 aDLCcDLCdBD-DhUAPbEng00a822.914 TWA223 aTwain, Mark.14aThe adventures of Huckleberry Finn /cMark Twain. aNew Delhi :bS. Chand & Co. Ltd.,c[?]. a152 pages ;c22 cm. aGreat Stories in Easy English 0aBoysvDrama. 0aMississippi RivervDrama. 2ddccBK 00102ddc4070aUAPCLbUAPCLcGeneral Stacksd2020-03-12o822.914 TWAp3010000341r2020-03-12t1w2020-03-12yBK